| 000 | 00567nam a2200181 i 4500 | ||
|---|---|---|---|
| 001 | 77389 | ||
| 003 | ES-MaACL | ||
| 005 | 20230906173203.0 | ||
| 007 | t| | ||
| 008 | 041008s1969 sp ||||1| spa d | ||
| 100 | 1 |
_aHamilton, William. _961666 |
|
| 245 | 1 | 3 |
_aLa nueva ausencia del cristianismo / _cWilliam Hamilton ; [tradujo Luis Martín Donaire]. |
| 260 |
_aSalamanca : _bSígueme, _c1969. |
||
| 300 |
_a257 p. ; _c19 cm. |
||
| 650 |
_aCristianismo- _xHistoria- _yS.XX. _9160094 |
||
| 700 | 1 |
_aMartín Donaire, Luis. _977473 |
|
| 852 |
_aES-MaACL _jC-35831 _bR.69286 |
||
| 999 |
_c77389 _d77389 |
||